|
|
|
|
| LEADER |
00000nam0a2200000 4500 |
| 001 |
679009 |
| 005 |
20250306161027.0 |
| 090 |
|
|
|a 679009
|
| 100 |
|
|
|a 20250306d1873 u||y0rusy50 ba
|
| 101 |
0 |
|
|a slo
|
| 102 |
|
|
|a SK
|
| 105 |
|
|
|a a z 000yy
|
| 181 |
|
0 |
|a i
|b e
|
| 182 |
|
0 |
|a n
|
| 183 |
|
0 |
|a nc
|2 RDAcarrier
|
| 200 |
1 |
|
|a Návšteva Bání. Veškery zpusoby dolováni, vypisuje na zaklade dlouholete zkušeností
|e Vynato z rocniku 1871 "Svetozora"
|f bánský uredník N. N.
|
| 203 |
|
|
|a Текст
|b визуальный
|c непосредственный
|
| 210 |
|
|
|a Praze
|c Tiskem a nákladem dra. F. Skrejšovskeho
|d 1873
|
| 215 |
|
|
|a 110 s.
|c il.
|
| 283 |
|
|
|a volume
|2 RDAcarrier
|
| 300 |
|
|
|a В описании используется грамматика 19 века
|
| 316 |
|
|
|5 63413507: 10019
|a На обложке дарственная надпись: "Многоуважаемому Геннадию Даниловичу Романовскому от П. Еремеева, 4-го мая 188... г."
|
| 317 |
|
|
|5 63413507: 10019
|a Приобретен ТТИ в 1908 г. для Горного отделения В. А. Обручевым и Л. Л. Тове из библиотеки профессора Горного института Г. Д. Романовского
|
| 541 |
1 |
|
|a Шахты. Все методы добычи полезных ископаемых, представленные на основе многолетнего опыта.
|z rus
|
| 606 |
1 |
|
|a Горно-добывающая промышленность
|9 76625
|
| 610 |
1 |
|
|a горное дело
|
| 610 |
1 |
|
|a полезные ископаемые
|
| 610 |
1 |
|
|a добыча
|
| 610 |
1 |
|
|a методы
|
| 610 |
1 |
|
|a шахты
|
| 610 |
1 |
|
|a горнодобывающая техника
|
| 610 |
1 |
|
|a подготовительные работы
|
| 610 |
1 |
|
|a инструменты
|
| 610 |
1 |
|
|a несчастные случаи
|
| 610 |
1 |
|
|a обвалы
|
| 610 |
1 |
|
|a возгорания
|
| 610 |
1 |
|
|a шахтные газы
|
| 610 |
1 |
|
|a первая помощь
|
| 610 |
1 |
|
|a словацкий язык
|
| 610 |
1 |
|
|a дарственные надписи
|
| 610 |
1 |
|
|a Библиотека Г. Д. Романовского
|
| 675 |
|
|
|a 621.3
|v 4
|
| 801 |
|
0 |
|a RU
|b 63413507
|c 20250306
|
| 830 |
|
|
|a Ретро2025Каталогизация Кузнецова (РФ)
|
| 850 |
|
|
|a 63413507
|
| 942 |
|
|
|c BK
|